00606nam a2200193Ia 4500008004100000100001600041245009100057260001100148300002100159440003400180521000900214650001700223650002200240650001900262650002100281942000700302999001900309952008400328140626s9999 xx 000 0 und d aSuk, Kwan.. 4aThe influence of price presentation order on consumer choice /cKwan Suk ... [et al.]. cc2012. a49 : 5, page 708 aJournal of Marketing Research aBSBA aPrice order. aPrice perception. aPrice-quality. aReference price. cSE c121060d121060 001040aCLbCLcPERd2014-06-26l0pS0168r2014-06-26 00:00:00w2014-06-26ySE